<?xml version="1.0" encoding="UTF-8"?>
<record
    xmlns:xsi="http://www.w3.org/2001/XMLSchema-instance"
    xsi:schemaLocation="http://www.loc.gov/MARC21/slim http://www.loc.gov/standards/marcxml/schema/MARC21slim.xsd"
    xmlns="http://www.loc.gov/MARC21/slim">

  <leader>00937nam a2200265Ia 4500</leader>
  <datafield tag="999" ind1=" " ind2=" ">
    <subfield code="c">36032</subfield>
    <subfield code="d">36032</subfield>
  </datafield>
  <controlfield tag="001">1931</controlfield>
  <controlfield tag="003">GE_BSU</controlfield>
  <controlfield tag="005">20221011144230.0</controlfield>
  <controlfield tag="008">181216s2007ru  xx |||||||||||||| ||rus||</controlfield>
  <datafield tag="020" ind1=" " ind2=" ">
    <subfield code="a">9785482015551</subfield>
  </datafield>
  <datafield tag="040" ind1=" " ind2=" ">
    <subfield code="c">GE_BSU</subfield>
  </datafield>
  <datafield tag="041" ind1=" " ind2=" ">
    <subfield code="a">rus</subfield>
  </datafield>
  <datafield tag="080" ind1=" " ind2=" ">
    <subfield code="a">342.4)1-87)(075)  &#x410;-45</subfield>
  </datafield>
  <datafield tag="100" ind1=" " ind2=" ">
    <subfield code="a">&#x410;&#x43B;&#x435;&#x431;&#x430;&#x441;&#x442;&#x440;&#x43E;&#x432;&#x430;,&#x418;.&#x410;.</subfield>
    <subfield code="9">15240</subfield>
  </datafield>
  <datafield tag="245" ind1=" " ind2=" ">
    <subfield code="a">&#x41A;&#x43E;&#x43D;&#x441;&#x442;&#x438;&#x442;&#x443;&#x446;&#x438;&#x43E;&#x43D;&#x43E;&#x435;  &#x43F;&#x440;&#x430;&#x432;&#x43E;  &#x437;&#x430;&#x440;&#x443;&#x431;&#x435;&#x436;&#x43D;&#x44B;&#x445; &#x441;&#x442;&#x440;&#x430;&#x43D; /</subfield>
    <subfield code="c">&#x418;.&#x410;. &#x410;&#x43B;&#x435;&#x431;&#x430;&#x441;&#x442;&#x440;&#x43E;&#x432;&#x430;.</subfield>
  </datafield>
  <datafield tag="245" ind1=" " ind2=" ">
    <subfield code="b">&#x423;&#x447;&#x435;&#x431;&#x43D;&#x438;&#x43A;. 2- &#x438;&#x437;&#x434;. &#x43F;&#x435;&#x440;&#x435;&#x440;&#x430;&#x431;. &#x438; &#x434;&#x43E;&#x43F;.</subfield>
  </datafield>
  <datafield tag="260" ind1=" " ind2=" ">
    <subfield code="a">&#x41C;&#x43E;&#x441;&#x43A;&#x432;&#x430;</subfield>
  </datafield>
  <datafield tag="260" ind1=" " ind2=" ">
    <subfield code="b">&#x41F;&#x440;&#x43E;&#x441;&#x43F;&#x435;&#x43A;&#x442;,</subfield>
  </datafield>
  <datafield tag="260" ind1=" " ind2=" ">
    <subfield code="c">2007</subfield>
  </datafield>
  <datafield tag="300" ind1=" " ind2=" ">
    <subfield code="a">624 &#x441;. ;</subfield>
    <subfield code="b"> 21 &#x441;&#x43C;.</subfield>
  </datafield>
  <datafield tag="653" ind1=" " ind2=" ">
    <subfield code="a">&#x41A;&#x43E;&#x43D;&#x441;&#x442;&#x438;&#x442;&#x443;&#x446;&#x438;&#x43E;&#x43D;&#x43E;&#x435;  &#x43F;&#x440;&#x430;&#x432;&#x43E;  &#x437;&#x430;&#x440;&#x443;&#x431;&#x435;&#x436;&#x43D;&#x44B;&#x445; &#x441;&#x442;&#x440;&#x430;&#x43D;</subfield>
  </datafield>
  <datafield tag="653" ind1=" " ind2=" ">
    <subfield code="a">&#x10E3;&#x10EA;&#x10EE;&#x10DD; &#x10E5;&#x10D5;&#x10D4;&#x10E7;&#x10DC;&#x10D4;&#x10D1;&#x10D8;&#x10E1; &#x10D9;&#x10DD;&#x10DC;&#x10E1;&#x10E2;&#x10D8;&#x10E2;&#x10E3;&#x10EA;&#x10D8;&#x10E3;&#x10E0;&#x10D8; &#x10E1;&#x10D0;&#x10DB;&#x10D0;&#x10E0;&#x10D7;&#x10D0;&#x10DA;&#x10D8;</subfield>
  </datafield>
  <datafield tag="653" ind1=" " ind2=" ">
    <subfield code="a">&#x10E1;&#x10D0;&#x10DB;&#x10D0;&#x10E0;&#x10D7;&#x10D0;&#x10DA;&#x10D8;</subfield>
  </datafield>
  <datafield tag="942" ind1=" " ind2=" ">
    <subfield code="c">BK</subfield>
    <subfield code="2">udc</subfield>
  </datafield>
  <datafield tag="952" ind1=" " ind2=" ">
    <subfield code="0">0</subfield>
    <subfield code="1">0</subfield>
    <subfield code="2">udc</subfield>
    <subfield code="4">0</subfield>
    <subfield code="6">3424187075_&#x410;45</subfield>
    <subfield code="7">0</subfield>
    <subfield code="9">34758</subfield>
    <subfield code="a">CPL</subfield>
    <subfield code="b">CPL</subfield>
    <subfield code="c">GEN</subfield>
    <subfield code="d">2018-12-17</subfield>
    <subfield code="g">20.00</subfield>
    <subfield code="o">342.4)1-87)(075)  &#x410;-45</subfield>
    <subfield code="p">3946</subfield>
    <subfield code="r">2018-12-17</subfield>
    <subfield code="t">3946</subfield>
    <subfield code="w">2018-12-17</subfield>
    <subfield code="y">BK</subfield>
    <subfield code="z">20.00</subfield>
  </datafield>
</record>
